Norwich City Premier League Players - Statistics

General Stats
  • This quiz has been taken 413 times
    298 since last reset
  • The average score is 41 of 170
Answer Stats
The Canaries % Correct
Teemu Pukki
89%
Tim Krul
70%
Todd Cantwell
63%
Max Aarons
62%
Angus Gunn
57%
Bryan Gunn
57%
Grant Hanley
56%
Dave Smith
55%
Emiliano Buendía
52%
Josh Sargent
49%
Declan Rudd
47%
Bradley Johnson
46%
Brandon Williams
46%
Andy Johnson
45%
Alexander Tettey
44%
John Ruddy
44%
Kenny McLean
43%
Jamal Lewis
42%
Gary Holt
41%
Grant Holt
41%
Onel Hernández
39%
Russell Martin
39%
Wes Hoolahan
39%
Chris Martin
38%
Chris Sutton
38%
Josh Martin
38%
Ben Gibson
37%
Billy Gilmour
36%
Josh Murphy
36%
Darren Huckerby
35%
Sébastien Bassong
35%
Cameron Jerome
34%
David Fox
34%
Milot Rashica
34%
Patrick Roberts
34%
Robert Green
34%
Ruel Fox
34%
Nathan Redmond
33%
Ricky van Wolfswinkel
32%
Simeon Jackson
32%
Ben Godfrey
31%
Christoph Zimmermann
31%
Jeremy Goss
31%
Mark Robins
31%
Neil Adams
31%
Harry Kane
30%
Leroy Fer
30%
Steven Naismith
30%
Timm Klose
30%
Christos Tzolis
29%
Elliott Bennett
29%
Jonny Howson
29%
Ryan Bennett
29%
Adam Idah
28%
Dean Ashton
27%
Dieumerci Mbokani
27%
Dimitris Giannoulis
27%
Mario Vrančić
27%
Sam Byram
27%
Gary O'Neil
26%
Marco Stiepermann
26%
Martin Olsson
26%
Michael McGovern
26%
Robert Snodgrass
26%
Jonathan Rowe
25%
Lukas Rupp
25%
Tom Trybull
25%
Anthony Pilkington
24%
David Phillips
24%
Gary Hooper
24%
Mark Bowen
24%
Mathias Normann
24%
Matt Jarvis
24%
Ryan Jarvis
24%
Darren Eadie
23%
Efan Ekoku
23%
Pierre Lees-Melou
23%
Michael Turner
22%
Przemysław Płacheta
22%
Adam Drury
21%
Andy Marshall
21%
Ashley Ward
21%
Darren Ward
21%
Elliott Ward
21%
Jon Wright
21%
Kieran Dowell
21%
Moritz Leitner
21%
Steven Whittaker
21%
Andrew Omobamidele
20%
Ian Culverhouse
20%
Jordan Thomas
20%
Robbie Brady
20%
Ian Crook
19%
Jacob Sørensen
19%
Leon McKenzie
19%
Ondrej Duda
19%
Damien Francis
18%
David Bentley
18%
Josip Drmić
18%
Ozan Kabak
18%
Paul McVeigh
18%
Javier Garrido
17%
Kei Kamara
17%
Lee Camp
17%
Leon Barnett
17%
Mark Bunn
17%
Ralf Fährmann
17%
Daryl Sutch
16%
Gary Doherty
16%
Graham Dorrans
16%
Ian Butterworth
16%
Ivo Pinto
16%
Joseph Yobo
16%
Philip Mulryne
16%
Steve Morison
16%
Youssouf Mulumbu
16%
Andrew Surman
15%
Ian Henderson
15%
Ibrahim Amadou
15%
Jamie Cureton
15%
Johan Elmander
15%
Lewis Grabban
15%
Mathias Svensson
15%
Patrick Bamford
15%
Robert Ullathorne
15%
Youssef Safri
15%
Andre Wisdom
14%
Bob Newman
14%
Craig Fleming
14%
John Polston
14%
Luciano Becchio
14%
Marc Tierney
14%
Mark Milligan
14%
Scott Howie
14%
Spencer Prior
14%
Thomas Helveg
14%
Tony Springett
14%
Aaron Wilbraham
13%
Bali Mumba
13%
Dennis Srbeny
13%
Kyle Lafferty
13%
Marc Edworthy
13%
Simon Lappin
13%
Ade Akinbiyi
12%
Andrew Crofts
12%
Daniel Ayala
12%
Gary Megson
12%
Graham Stuart
12%
Jamar Loza
12%
Jonás Gutiérrez
12%
Jon Newsome
12%
Zak Whitbread
12%
Jason Shackell
11%
Kyle Naughton
11%
Lee Power
11%
Ritchie de Laet
11%
Simon Charlton
11%
Vadis Odjidja-Ofoe
11%
Akin Famewo
10%
James Vaughan
10%
Jim Brennan
10%
Keith O'Neill
10%
Mattias Jonson
10%
Carl Bradshaw
9%
Danny Crow
9%
Mark Sheron
9%
Colin Woodthorpe
8%
Darren Beckford
8%
Jason Minett
7%
Simon Tracey
7%
No matching quizzes found
Score Distribution
Percent of People with Each Score
Percentile by Number Answered
Your Score History
You have not taken this quiz since the last reset